Statistics for Countries ending with -ia

Click here to take the quiz!

General Stats

  • This quiz has been taken 153 times
    (115 since last reset)
  • The average score is 28 of 38

Answer Stats

Answer% Correct
Australia
93%
Austria
92%
Algeria
86%
Slovakia
86%
Albania
84%
Indonesia
84%
Slovenia
84%
Zambia
83%
Armenia
82%
India
82%
Latvia
82%
Lithuania
82%
Romania
82%
Russia
81%
Colombia
80%
Bulgaria
79%
Estonia
78%
Serbia
78%
Croatia
74%
Ethiopia
74%
Mongolia
74%
Namibia
74%
Bolivia
73%
Nigeria
73%
Somalia
73%
Tunisia
73%
Malaysia
70%
Gambia
69%
Tanzania
69%
Cambodia
68%
Macedonia
68%
Syria
68%
Georgia
66%
Mauritania
66%
Liberia
64%
Saudi Arabia
57%
Micronesia
50%
Saint Lucia
38%

Score Distribution

Percentile by Number Answered

Percent of People with Each Score

Your Score History

You have not taken this quiz since the last reset